| 000 | 00501nam a22001937a 4500 | ||
|---|---|---|---|
| 003 | MPLRDC | ||
| 005 | 20220104142558.0 | ||
| 008 | 210129b ||||| |||| 00| 0 eng d | ||
| 020 | _a978-986-6084-05-8 | ||
| 082 | _a415.332 JKP | ||
| 100 | _aj简凯平 编者 | ||
| 245 |
_a拒绝三高有办法 _c |
||
| 250 | _a增订二版 | ||
| 260 |
_a台湾 _b宪业企管顾问有限公司 _c2011 |
||
| 300 | _b308 | ||
| 490 | _a医学保健丛书: 39 | ||
| 650 | _a高血压 | ||
| 942 |
_cBK _o415.332 JKP |
||
| 999 |
_c32029 _d32019 |
||